00644nam a2200145 a 450000500170000000800410001705000170005810000180007524500860009326000370017952001250021665000210034199900190036295201170038120140414132111.0110513s19uu xx 00 eng d aTRbC93 1985 aRey, Margret. aCurious George at the fire station /cedited by Margret Rey and Alan J. Shalleck. aNew York :bScholastic ,c1985. aCurious George sets off a false alarm while visiting the fire station but redeems himself by rescuing a Dalmatian puppy. aFire departments c114760d114760 00104050aMUbMUcTRd2011-05-13eBkRewardg125.00l0oTR C93 1985pM6655r2014-04-14 00:00:00w2014-04-14yBK